Statistiques concernant Villes du monde par extraits de Cartes/Plans historiques

Cliquez ici pour prendre le quiz!

Statistiques générales

  • Ce quiz a été pris 65 fois
  • Le résultat moyen est 4 sur 16

Statistiques - réponses

Réponse% Correct
Rome
79%
Paris
63%
Londres
56%
Mumbai
37%
Boston
35%
Oslo
27%
New-York
23%
Sydney
21%
Casablanca
15%
Mexico
12%
Shanghai
12%
Rio de Janeiro
8%
Dublin
4%
Jérusalem
4%
Milan
4%
Osaka
2%

Distribution des résultats

Percentile par nombre de réponses

% des personnes avec chaque résultat

Votre développement - résultats

Vous n’avez pas pris ce quiz